[Event "OP-2018-0-04683"]
[Site "LSS email"]
[Date "2018.12.02"]
[Round "?"]
[White "Neumann, Otto"]
[Black "Ozdemir, Zafer Omer"]
[Result "1-0"]
[WhiteElo "953"]
[BlackElo "618"]
[PlyCount "71"]
[EventDate "2018.11.25"]
[EventType "tourn (corr)"]
[EventRounds "4"]
[EventCountry "GER"]
[SourceTitle "Corr 2022"]
[Source "ChessBase"]
[SourceDate "2021.10.24"]
[SourceVersion "1"]
[SourceVersionDate "2021.10.24"]
[SourceQuality "1"]

1. d4 d5 2. Nf3 h6 3. e3 Bf5 4. c4 Bxb1 5. Rxb1 dxc4 6. Bxc4 Nc6 7. 0-0 e6 8. a3 Nf6 9. b4 a6 10. Bd3 Bd6 11. h3 e5 12. dxe5 Nxe5 13. Bc2 0-0 14. Bb2 Nxf3+ 15. Qxf3 c6 16. Qf5 Be7 17. Bxf6 g6 18. Qf4 Bxf6 19. Qxh6 Qd5 20. Bb3 Qh5 21. Qf4 Qf5 22. Qc7 Qe5 23. Qxb7 Qe4 24. Bxf7+ Rxf7 25. Qxa8+ Kg7 26. Qxa6 Re7 27. Qe2 Re5 28. Rfd1 Rd5 29. Rxd5 Qxd5 30. Qc2 Bh4 31. Rd1 Qe6 32. a4 Qf6 33. a5 Qf5 34. Qb2+ Kh6 35. Qh8+ Kg5 36. f4+ 1-0

[Event "OP-2018-0-04683"]
[Site "LSS email"]
[Date "2018.12.02"]
[Round "?"]
[White "Ozdemir, Zafer Omer"]
[Black "Pech, Jaroslav Sr"]
[Result "0-1"]
[WhiteElo "618"]
[BlackElo "1744"]
[PlyCount "48"]
[EventDate "2018.11.25"]
[EventType "tourn (corr)"]
[EventRounds "4"]
[EventCountry "GER"]
[SourceTitle "Corr 2022"]
[Source "ChessBase"]
[SourceDate "2021.10.24"]
[SourceVersion "1"]
[SourceVersionDate "2021.10.24"]
[SourceQuality "1"]

1. e4 c5 2. Nf3 d6 3. Bb5+ Bd7 4. Bxd7+ Qxd7 5. 0-0 Nc6 6. Nc3 Nf6 7. Nd5 Nxe4 8. Qe2 Nf6 9. Nxf6+ gxf6 10. d3 Rg8 11. Bf4 0-0-0 12. Bg3 f5 13. Nh4 Bg7 14. c3 Bf6 15. Qf3 Bxh4 16. Bxh4 Ne5 17. Qd5 e6 18. Qb3 Nf3+ 19. Kh1 Nxh4 20. g3 Qc6+ 21. f3 Nxf3 22. Rxf3 Qxf3+ 23. Kg1 Rxg3+ 24. hxg3 Rg8 0-1

[Event "LSS No Engine Cup 70 Preliminary 3"]
[Site "LSS email"]
[Date "2012.08.21"]
[Round "?"]
[White "Kratky, Josef"]
[Black "Ozdemir, Zafer Omer"]
[Result "1-0"]
[WhiteElo "1114"]
[BlackElo "707"]
[PlyCount "87"]
[EventDate "2012.08.22"]
[EventType "tourn (corr)"]
[EventRounds "6"]
[EventCountry "GER"]
[SourceTitle "Telechess CBM 165"]
[Source "ChessBase"]
[SourceDate "2015.03.11"]
[SourceVersion "1"]
[SourceVersionDate "2015.03.11"]
[SourceQuality "1"]

1. Nf3 e6 2. e4 Bd6 3. d4 Bb4+ 4. c3 Bd6 5. e5 Be7 6. Bd3 Nh6 7. g3 f5 8. exf6 Bxf6 9. Bxh6 gxh6 10. Ne5 Bxe5 11. Qh5+ Ke7 12. dxe5 Qe8 13. Qxh6 Qf7 14. Nd2 a5 15. Ne4 Rg8 16. Nf6 Rg7 17. Nh5 Rg4 18. Qf6+ Qxf6 19. Nxf6 Rg7 20. Nxh7 Nc6 21. f4 d6 22. exd6+ cxd6 23. 0-0-0 e5 24. Ng5 Bg4 25. Rd2 exf4 26. gxf4 Bf3 27. Nxf3 Rf8 28. Re1+ Kd8 29. Ng5 Rf6 30. Ne6+ Rxe6 31. Rxe6 Rg1+ 32. Kc2 Kd7 33. f5 Ne5 34. Bb5+ Kc7 35. Rdxd6 Rg2+ 36. Rd2 Rxd2+ 37. Kxd2 Nf3+ 38. Ke2 Ng1+ 39. Kf2 Nh3+ 40. Kg3 Ng5 41. Re8 Nh7 42. Re7+ Kb6 43. Rxh7 Kxb5 44. f6 1-0

[Event "LSS No Engine Cup 70 Preliminary 3"]
[Site "LSS email"]
[Date "2012.08.21"]
[Round "?"]
[White "Ozdemir, Zafer Omer"]
[Black "Barrilete, Petaca"]
[Result "0-1"]
[WhiteElo "707"]
[BlackElo "1325"]
[PlyCount "52"]
[EventDate "2012.08.22"]
[EventType "tourn (corr)"]
[EventRounds "6"]
[EventCountry "GER"]
[SourceTitle "Telechess CBM 165"]
[Source "ChessBase"]
[SourceDate "2015.03.11"]
[SourceVersion "1"]
[SourceVersionDate "2015.03.11"]
[SourceQuality "1"]

1. e4 c5 2. Bc4 e6 3. Nf3 d6 4. 0-0 a6 5. a4 Nf6 6. Qe2 Nc6 7. c3 Nxe4 8. Qxe4 d5 9. Bxd5 Qxd5 10. Qxd5 exd5 11. Na3 Bg4 12. Ng5 Be7 13. d3 Ne5 14. f3 Bd7 15. h4 Nxd3 16. Nc2 h6 17. Nh3 Bxh3 18. gxh3 Bxh4 19. Ne3 0-0-0 20. Nf5 Bf6 21. Be3 Rhe8 22. Ra2 Re5 23. Bd2 Rxf5 24. b4 Re8 25. bxc5 Re2 26. a5 Be7 0-1

[Event "LSS No Engine Cup 68 Preliminary 3"]
[Site "LSS email"]
[Date "2012.06.30"]
[Round "?"]
[White "Van Esbroeck, Jeff"]
[Black "Ozdemir, Zafer Omer"]
[Result "1-0"]
[WhiteElo "748"]
[BlackElo "707"]
[PlyCount "45"]
[EventDate "2012.07.01"]
[EventType "tourn (corr)"]
[EventRounds "6"]
[EventCountry "GER"]
[SourceTitle "Telechess CBM 165"]
[Source "ChessBase"]
[SourceDate "2015.03.11"]
[SourceVersion "1"]
[SourceVersionDate "2015.03.11"]
[SourceQuality "1"]

1. e4 e5 2. Nf3 Nc6 3. Bb5 a6 4. Bxc6 dxc6 5. 0-0 Bd6 6. d4 Bg4 7. Be3 Bxf3 8. Qxf3 Qh4 9. Nd2 Nh6 10. Bxh6 Qxh6 11. Rad1 exd4 12. g3 Qh3 13. Rfe1 Kf8 14. e5 Bc5 15. Ne4 b6 16. Nxc5 bxc5 17. Qxc6 Re8 18. Qxc5+ Re7 19. Rxd4 g6 20. Red1 Kg7 21. Qxe7 Qh5 22. Qf6+ Kh6 23. Rh4 1-0

[Event "SN-2011-0-00333"]
[Site "LSS email"]
[Date "2011.04.19"]
[Round "?"]
[White "Dawkins, Arthur William"]
[Black "Ozdemir, Zafer Omer"]
[Result "1-0"]
[WhiteElo "923"]
[BlackElo "658"]
[PlyCount "27"]
[EventDate "2011.04.03"]
[EventType "tourn (corr)"]
[EventRounds "6"]
[EventCountry "GER"]
[SourceTitle "Corr 2015"]
[Source "ChessBase"]
[SourceDate "2015.07.17"]
[SourceVersion "1"]
[SourceVersionDate "2015.07.17"]
[SourceQuality "1"]

1. d4 Nc6 2. c3 Nf6 3. Nf3 Ne4 4. e3 e6 5. Nbd2 d5 6. Bd3 Qf6 7. Nxe4 dxe4 8. Bxe4 Be7 9. 0-0 0-0 10. Bc2 e5 11. dxe5 Nxe5 12. Nxe5 Qxe5 13. Qd3 Bd6 14. Qxh7# 1-0

[Event "SN-2011-0-00333"]
[Site "LSS email"]
[Date "2011.04.19"]
[Round "?"]
[White "Ozdemir, Zafer Omer"]
[Black "Holmquist, Marson C"]
[Result "1-0"]
[WhiteElo "658"]
[BlackElo "520"]
[PlyCount "191"]
[EventDate "2011.04.03"]
[EventType "tourn (corr)"]
[EventRounds "6"]
[EventCountry "GER"]
[SourceTitle "Telechess CBM 147"]
[Source "ChessBase"]
[SourceDate "2012.03.16"]
[SourceVersion "1"]
[SourceVersionDate "2012.03.16"]
[SourceQuality "1"]

1. e4 e5 2. Nf3 Nc6 3. Bb5 Nf6 4. Bxc6 dxc6 5. Nxe5 Nxe4 6. Qe2 Qd5 7. Nc3 Qxe5 8. Qxe4 Bd6 9. Qxe5+ Bxe5 10. 0-0 0-0 11. d3 Be6 12. Re1 Bd4 13. Ne4 Bd5 14. Be3 Be5 15. Nc5 Bxb2 16. Rab1 Bc3 17. Re2 Bxa2 18. Rxb7 Rab8 19. Rxb8 Rxb8 20. h3 Be5 21. g3 Bd5 22. Re1 a5 23. Nd7 Re8 24. Bd2 f6 25. Bxa5 Rd8 26. Nxe5 Re8 27. Bxc7 fxe5 28. Re3 e4 29. f3 Rc8 30. Bf4 exf3 31. Kf2 Ra8 32. Be5 Ra2 33. Re1 Rxc2+ 34. Ke3 f2 35. Rf1 g5 36. Rxf2 Rxf2 37. Kxf2 h5 38. Ke3 Be6 39. h4 gxh4 40. gxh4 Kf7 41. Kf4 c5 42. Kg5 Bg4 43. Bd6 Ke6 44. Bxc5 Kd5 45. d4 Bf3 46. Kf4 Bd1 47. Kg5 Kc6 48. Kf4 Kd5 49. Kf5 Bc2+ 50. Kg5 Bd1 51. Kg6 Bg4 52. Kf6 Kc6 53. Ke5 Bf3 54. Be7 Kd7 55. Bf8 Kc6 56. Bg7 Kd7 57. d5 Ke7 58. d6+ Kd7 59. Bh6 Bg4 60. Bc1 Bd1 61. Ba3 Bg4 62. Kd5 Bf3+ 63. Kd4 Bg4 64. Ke3 Bd1 65. Kf2 Bg4 66. Kg3 Kc6 67. Kf4 Bd1 68. Ke5 Bg4 69. Kf6 Kd7 70. Kf7 Be6+ 71. Kf6 Bg4 72. Kg6 Be6 73. Kxh5 Bf7+ 74. Kg5 Ke6 75. Kh6 Kd7 76. Kg7 Bh5 77. Kh6 Bg4 78. Kg5 Bf3 79. h5 Bxh5 80. Kxh5 Ke6 81. Kg6 Kd7 82. Kf7 Kd8 83. Ke6 Ke8 84. Bc1 Kd8 85. Bg5+ Kc8 86. d7+ Kb7 87. d8Q Ka6 88. Kd6 Kb5 89. Qc7 Kb4 90. Kd5 Kb3 91. Qc4+ Kb2 92. Kd4 Ka3 93. Be7+ Kb2 94. Kd3 Kb1 95. Qc2+ Ka1 96. Bf6# 1-0

[Event "SN-2011-0-00333"]
[Site "LSS email"]
[Date "2011.04.19"]
[Round "?"]
[White "Raines, David T"]
[Black "Ozdemir, Zafer Omer"]
[Result "1/2-1/2"]
[WhiteElo "999"]
[BlackElo "658"]
[PlyCount "151"]
[EventDate "2011.04.03"]
[EventType "tourn (corr)"]
[EventRounds "6"]
[EventCountry "GER"]
[SourceTitle "Telechess CBM 147"]
[Source "ChessBase"]
[SourceDate "2012.03.16"]
[SourceVersion "1"]
[SourceVersionDate "2012.03.16"]
[SourceQuality "1"]

1. Nf3 Nc6 2. g3 Nf6 3. Bg2 e5 4. d3 Ng4 5. e4 Bc5 6. 0-0 Qf6 7. h3 Nh6 8. g4 d6 9. g5 Qe6 10. gxh6 gxh6 11. Be3 Rg8 12. Nh2 Qxh3 13. Qf3 Qxf3 14. Nxf3 Bh3 15. Nh4 0-0-0 16. Kh2 Bxg2 17. Nxg2 Bd4 18. c3 Bxe3 19. Nxe3 Rg5 20. Rg1 Rh5+ 21. Kg2 Rg8+ 22. Kf1 Rgg5 23. Nd2 Rxg1+ 24. Kxg1 Rh3 25. Kg2 Rh5 26. Rh1 Rg5+ 27. Kf1 h5 28. Nf3 Rg6 29. Rxh5 h6 30. Nf5 Kd8 31. Nxh6 Ne7 32. Nxf7+ Kc8 33. d4 Rf6 34. N3g5 exd4 35. cxd4 Kd7 36. Rh8 Kc6 37. d5+ Kb6 38. Ke2 Kc5 39. Rh3 Ng6 40. Rc3+ Kb6 41. Ke3 c5 42. f4 Nxf4 43. Rc2 Ng6 44. Rf2 Rxf2 45. Kxf2 Nf4 46. Ke3 Ng2+ 47. Kd2 Kc7 48. Ne6+ Kd7 49. Ke2 Ke7 50. Kf2 Nh4 51. Nfg5 Kf6 52. Nf3 Ng6 53. Ke3 b6 54. a4 Ne7 55. Nd2 Ng8 56. Nc4 Ke7 57. Ng7 Nf6 58. Nf5+ Kd7 59. Nfxd6 Ng4+ 60. Kf4 Nf2 61. Nb5 Nd3+ 62. Kf5 Nb4 63. Nxa7 Nd3 64. Nxb6+ Kc7 65. Nc4 Kb7 66. Nb5 Ka6 67. e5 Nb4 68. e6 Nxd5 69. Kg6 Ne7+ 70. Kf7 Nd5 71. e7 Nxe7 72. Kxe7 Kb7 73. Kd6 Ka6 74. Kxc5 Kb7 75. Ncd6+ Ka6 76. b4 1/2-1/2

[Event "LSS No Engine Cup 38 Preliminary 4"]
[Site "LSS email"]
[Date "2011.03.02"]
[Round "?"]
[White "Mostowik, Pawel"]
[Black "Ozdemir, Zafer Omer"]
[Result "1-0"]
[WhiteElo "1999"]
[BlackElo "729"]
[PlyCount "56"]
[EventDate "2011.03.03"]
[EventType "tourn (corr)"]
[EventRounds "6"]
[EventCountry "GER"]
[SourceTitle "Telechess CBM 151"]
[Source "ChessBase"]
[SourceDate "2012.11.13"]
[SourceVersion "1"]
[SourceVersionDate "2012.11.13"]
[SourceQuality "1"]

1. e4 e5 2. Nf3 Nc6 3. Bb5 Bd6 4. 0-0 a6 5. Ba4 b5 6. Bb3 Nd4 7. Nxd4 exd4 8. Bxf7+ Kxf7 9. Qh5+ g6 10. Qd5+ Ke8 11. Qxa8 Ne7 12. a4 b4 13. d3 Kf7 14. Bg5 Qe8 15. f4 Rf8 16. e5 Bc5 17. Bh6 Rg8 18. Nd2 d6 19. Rfe1 Be6 20. Qxa6 Nf5 21. Ne4 Nxh6 22. Ng5+ Ke7 23. exd6+ Bxd6 24. Rxe6+ Kd7 25. Qb5+ c6 26. Qb7+ Bc7 27. Qxc6+ Kc8 28. Rxe8+ Rxe8 1-0

[Event "LSS No Engine Cup 38 Preliminary 4"]
[Site "LSS email"]
[Date "2011.03.02"]
[Round "?"]
[White "Ozdemir, Zafer Omer"]
[Black "Campbell, Iain S"]
[Result "0-1"]
[WhiteElo "729"]
[BlackElo "1492"]
[PlyCount "96"]
[EventDate "2011.03.03"]
[EventType "tourn (corr)"]
[EventRounds "6"]
[EventCountry "GER"]
[SourceTitle "Telechess CBM 151"]
[Source "ChessBase"]
[SourceDate "2012.11.13"]
[SourceVersion "1"]
[SourceVersionDate "2012.11.13"]
[SourceQuality "1"]

1. e4 c6 2. c4 d5 3. Qf3 dxe4 4. Qxe4 Nf6 5. Qf3 Bg4 6. Qg3 e6 7. Be2 Bd6 8. Qe3 0-0 9. Bxg4 Nxg4 10. Qf3 Ne5 11. Qe4 Nbd7 12. Nf3 Nf6 13. Qd4 Qc7 14. 0-0 Nxf3+ 15. gxf3 Bxh2+ 16. Kg2 Rad8 17. Qh4 Bf4 18. Nc3 Bxd2 19. Bxd2 Rxd2 20. Ne4 Nxe4 21. Qxe4 Qb6 22. Rae1 Qd4 23. Re3 Rd8 24. Rh1 Qxe4 25. Rxe4 Rxb2 26. Reh4 h6 27. Rg4 Kh7 28. Rf4 f6 29. Rg1 Rdd2 30. Rf1 Rxa2 31. Kg3 a5 32. Re4 e5 33. Re3 a4 34. Rc3 b5 35. cxb5 cxb5 36. Rc7 b4 37. Rg1 Rxf2 38. Kh4 Rh2+ 39. Kg3 Rh5 40. Rd1 Rg5+ 41. Kh3 f5 42. Rdd7 f4 43. Rxg7+ Rxg7 44. Rxg7+ Kxg7 45. Kh4 Rg2 46. Kh3 Rg3+ 47. Kh4 b3 48. Kh5 b2 0-1

[Event "LSS No Engine Cup 38 Preliminary 4"]
[Site "LSS email"]
[Date "2011.03.02"]
[Round "?"]
[White "Pech, Jaroslav Sr"]
[Black "Ozdemir, Zafer Omer"]
[Result "1-0"]
[WhiteElo "1207"]
[BlackElo "729"]
[PlyCount "65"]
[EventDate "2011.03.03"]
[EventType "tourn (corr)"]
[EventRounds "6"]
[EventCountry "GER"]
[SourceTitle "Telechess CBM 151"]
[Source "ChessBase"]
[SourceDate "2012.11.13"]
[SourceVersion "1"]
[SourceVersionDate "2012.11.13"]
[SourceQuality "1"]

1. e4 e5 2. Nf3 Nc6 3. Bb5 a6 4. Ba4 b5 5. Bb3 Qf6 6. Nc3 Nge7 7. 0-0 Nd4 8. Nxd4 exd4 9. Ne2 Nc6 10. d3 Be7 11. Nf4 Ne5 12. Nd5 Qd6 13. f4 Ng6 14. Qg4 0-0 15. e5 Qc5 16. f5 Nxe5 17. Qg3 Bb7 18. Bh6 Ng6 19. fxg6 hxg6 20. Qe5 gxh6 21. Nxe7+ Qxe7 22. Qxe7 d5 23. Qxc7 Rab8 24. Rxf7 Rxf7 25. Qxb8+ Kg7 26. Rf1 Rxf1+ 27. Kxf1 h5 28. Qxb7+ Kh6 29. Bxd5 h4 30. Be4 a5 31. Qf7 Kg5 32. Qxg6+ Kf4 33. Qf5+ 1-0

[Event "LSS No Engine Cup 33 Preliminary 4"]
[Site "LSS email"]
[Date "2010.12.27"]
[Round "?"]
[White "Kaufmann, Michael"]
[Black "Ozdemir, Zafer Omer"]
[Result "1/2-1/2"]
[WhiteElo "1650"]
[BlackElo "654"]
[PlyCount "74"]
[EventDate "2010.12.28"]
[EventType "tourn (corr)"]
[EventRounds "6"]
[EventCountry "GER"]
[SourceTitle "Telechess CBM 145"]
[Source "Chessbase"]
[SourceDate "2011.11.11"]
[SourceVersion "1"]
[SourceVersionDate "2011.11.11"]
[SourceQuality "1"]

1. e4 e5 2. Nf3 Nc6 3. Bb5 a6 4. Ba4 b5 5. Bb3 Nh6 6. d4 exd4 7. Nxd4 Nxd4 8. c3 Nxb3 9. Qxb3 Qe7 10. 0-0 Bb7 11. Re1 0-0-0 12. f3 f6 13. a4 Nf7 14. axb5 Qc5+ 15. Be3 Qxb5 16. Qxf7 Bc5 17. b4 Bxe3+ 18. Rxe3 Qb6 19. Kf2 Rhe8 20. Nd2 d5 21. Rae1 dxe4 22. Nc4 Qa7 23. Na5 exf3 24. Nxb7 Kxb7 25. Kxf3 Rxe3+ 26. Rxe3 Qb6 27. Qxg7 Qc6+ 28. Kf4 Qc4+ 29. Kf3 Qd5+ 30. Kf2 Qd2+ 31. Kf3 Qd1+ 32. Kf4 Qf1+ 33. Kg3 Rd3 34. Qe7 Qe1+ 35. Kf3 Rxc3 36. Qe4+ Kb8 37. Qe8+ Kb7 1/2-1/2

[Event "OP-2010-0-01338"]
[Site "LSS email"]
[Date "2010.12.11"]
[Round "?"]
[White "Ozdemir, Zafer Omer"]
[Black "Kutsak, Yevgeniy"]
[Result "1-0"]
[WhiteElo "664"]
[BlackElo "2130"]
[PlyCount "49"]
[EventDate "2010.12.06"]
[EventType "tourn (corr)"]
[EventRounds "4"]
[EventCountry "GER"]
[SourceTitle "Corr 2013"]
[Source "ChessBase"]
[SourceDate "2012.11.12"]
[SourceVersion "1"]
[SourceVersionDate "2012.11.12"]
[SourceQuality "1"]

1. e4 e5 2. Nf3 Nc6 3. Be2 f5 4. exf5 e4 5. Ng1 Bc5 6. Nh3 d5 7. Bh5+ Kf8 8. Qg4 Nd4 9. Qg5 Qxg5 10. Nxg5 Nxc2+ 11. Kd1 Nxa1 12. Ne6+ Bxe6 13. fxe6 Nf6 14. Be2 d4 15. Bc4 d3 16. b3 Nc2 17. Nc3 c6 18. Rf1 Ke7 19. f3 Rad8 20. Nxe4 Nxe4 21. fxe4 b5 22. Bxd3 Ne3+ 23. dxe3 Rxd3+ 24. Kc2 Rhd8 25. Rf7+ 1-0

[Event "LSS No Engine Cup 30 Preliminary 4"]
[Site "LSS email"]
[Date "2010.11.02"]
[Round "?"]
[White "Ozdemir, Zafer Omer"]
[Black "Draba, Henryk"]
[Result "0-1"]
[WhiteElo "656"]
[BlackElo "1589"]
[PlyCount "80"]
[EventDate "2010.11.03"]
[EventType "tourn (corr)"]
[EventRounds "6"]
[EventCountry "GER"]
[SourceTitle "Telechess CBM 143"]
[Source "ChessBase"]
[SourceDate "2011.07.15"]
[SourceVersion "1"]
[SourceVersionDate "2011.07.15"]
[SourceQuality "1"]

1. e4 e5 2. Nf3 Nc6 3. Bd3 Nf6 4. Nc3 Be7 5. Bb5 0-0 6. Bxc6 dxc6 7. Nxe5 Nxe4 8. Nxe4 Qd4 9. Nc3 Qxe5+ 10. Qe2 Qxe2+ 11. Nxe2 Re8 12. 0-0 Bf6 13. Ng3 Be6 14. c3 Bc4 15. d3 Bxd3 16. Rd1 Bc2 17. Rf1 Be5 18. Be3 Rad8 19. h3 Bxg3 20. fxg3 Rxe3 21. Rac1 Be4 22. Rfe1 Rxe1+ 23. Rxe1 f5 24. g4 Rd2 25. gxf5 Bxg2 26. Re8+ Kf7 27. Rc8 Rxb2 28. Rxc7+ Kf6 29. Rc8 Bxh3 30. Rf8+ Ke7 31. Ra8 Rxa2 32. f6+ Kxf6 33. c4 c5 34. Rd8 Be6 35. Rd6 Ke5 36. Rd5+ Bxd5 37. cxd5 c4 38. d6 c3 39. d7 c2 40. d8Q c1Q+ 0-1

[Event "LSS RN-2010-0-00328"]
[Site "LSS email"]
[Date "2010.10.20"]
[Round "?"]
[White "Ozdemir, Zafer Omer"]
[Black "Bokros, Csaba"]
[Result "0-1"]
[WhiteElo "680"]
[BlackElo "950"]
[PlyCount "50"]
[EventDate "2010.10.09"]
[EventType "tourn (corr)"]
[EventRounds "6"]
[EventCountry "GER"]
[SourceTitle "Telechess CBM 143"]
[Source "ChessBase"]
[SourceDate "2011.07.15"]
[SourceVersion "1"]
[SourceVersionDate "2011.07.15"]
[SourceQuality "1"]

1. e4 e5 2. Nf3 Nc6 3. Bb5 Nf6 4. Bxc6 bxc6 5. Nc3 Bb7 6. Nxe5 c5 7. Qe2 Bd6 8. Nc4 0-0 9. Nd5 Nxd5 10. Nxd6 cxd6 11. exd5 Re8 12. Qxe8+ Qxe8+ 13. Kf1 Bxd5 14. d3 Qe5 15. Be3 Qxb2 16. Re1 Qxc2 17. f3 Qxd3+ 18. Kf2 h6 19. Rd1 Qc4 20. a3 Qh4+ 21. g3 Qh5 22. g4 Qh4+ 23. Ke2 Bc4+ 24. Kd2 Qf6 25. f4 Qb2+ 0-1

[Event "LSS SF-2010-0-00063"]
[Site "LSS email"]
[Date "2010.07.22"]
[Round "?"]
[White "Slavin, Pablo"]
[Black "Ozdemir, Zafer Omer"]
[Result "1-0"]
[WhiteElo "1117"]
[BlackElo "651"]
[PlyCount "29"]
[EventDate "2010.06.08"]
[EventType "tourn (corr)"]
[EventRounds "6"]
[EventCountry "GER"]
[SourceTitle "Corr 2015"]
[Source "ChessBase"]
[SourceDate "2015.07.17"]
[SourceVersion "1"]
[SourceVersionDate "2015.07.17"]
[SourceQuality "1"]

1. d4 d5 2. c4 dxc4 3. e3 Be6 4. Na3 Nd7 5. Nxc4 Bxc4 6. Bxc4 Nh6 7. Nf3 e6 8. 0-0 Bd6 9. e4 Nb6 10. Bd3 0-0 11. e5 Be7 12. Bxh6 gxh6 13. Bc2 Nc4 14. Qd3 b5 15. Qxh7# 1-0

[Event "LSS No Engine Cup 22 Preliminary 2"]
[Site "LSS email"]
[Date "2010.05.19"]
[Round "?"]
[White "Ozdemir, Zafer Omer"]
[Black "Hilton, Stephen H"]
[Result "0-1"]
[WhiteElo "682"]
[BlackElo "1146"]
[PlyCount "60"]
[EventDate "2010.05.20"]
[EventType "tourn (corr)"]
[EventRounds "6"]
[EventCountry "GER"]
[SourceTitle "Telechess CBM 141"]
[Source "ChessBase"]
[SourceDate "2011.03.17"]
[SourceVersion "1"]
[SourceVersionDate "2011.03.17"]
[SourceQuality "1"]

1. e4 c5 2. Nc3 a6 3. Nf3 e6 4. Bc4 b5 5. Be2 Bb7 6. 0-0 Nf6 7. d3 Be7 8. Bg5 h6 9. Bf4 d6 10. e5 dxe5 11. Nxe5 0-0 12. Bf3 Nd5 13. Nxd5 Bxd5 14. Bxd5 Qxd5 15. c4 Qb7 16. Qg4 Kh7 17. b3 Nd7 18. Nxd7 Qxd7 19. Rad1 Bf6 20. Rfe1 Rad8 21. Be5 Bxe5 22. Rxe5 Qc6 23. Qh5 Rc8 24. Qg4 bxc4 25. dxc4 Rfd8 26. h3 Qc7 27. Qe4+ g6 28. Rxd8 Rxd8 29. Qe3 Rd1+ 30. Kh2 f6 0-1